Statistiques concernant Communes Limitrophes de Dijon

Cliquez ici pour prendre le quiz!

Statistiques générales

  • Ce quiz a été pris 149 fois
  • Le résultat moyen est 8 sur 15

Statistiques - réponses

Communes% Correct
Sud-OuestChenôve
94%
EstQuetigny
91%
OuestFontaine-lès-Dijon
84%
OuestTalant
73%
SudLongvic
71%
EstSaint-Apollinaire
66%
EstChevigny-Saint-Sauveur
63%
Nord-OuestAhuy
56%
OuestPlombières-lès-Dijon
46%
Sud-EstSennecey-lès-Dijon
31%
SudNeuilly-Crimolois
29%
Nord-EstRuffey-lès-Echirey
23%
OuestCorcelles-les-Monts
21%
NordAsnières-lès-Dijon
20%
NordBellefond
12%

Distribution des résultats

Percentile par nombre de réponses

% des personnes avec chaque résultat

Votre développement - résultats

Vous n’avez pas pris ce quiz